Геология и генезис фосфоритов Горной Шории: диссертация на соискание ученой степени кандидата геолого-минералогических наук

Xehetasun bibliografikoak
Egile nagusia: Спандерашвили Г. И.
Egile korporatiboa: Томский политехнический институт (ТПИ), Западно-Сибирское геологическое управление
Beste egile batzuk: Кузьмин А. М. Алексей Михайлович (научный руководитель)
Hizkuntza:errusiera
Argitaratua: Таштагол, 1966
Gaiak:
Formatua: Liburua
KOHA link:https://koha.lib.tpu.ru/cgi-bin/koha/opac-detail.pl?biblionumber=144688

MARC

LEADER 00000nbm0a2200000 4500
001 144688
005 20231031143756.0
035 |a (RuTPU)RU\TPU\book\156810 
090 |a 144688 
100 |a 20081007d1966 k y0rusy50 ca 
101 0 |a rus 
102 |a RU 
105 |a a m 001zy 
200 1 |a Геология и генезис фосфоритов Горной Шории  |e диссертация на соискание ученой степени кандидата геолого-минералогических наук  |f Г. И. Спандерашвили  |g Томский политехнический институт (ТПИ) ; Западно-Сибирское геологическое управление ; науч. рук. А. М. Кузьмин 
210 |a Таштагол  |d 1966 
215 |a 384 л.  |c ил. 
320 |a Библиогр.: с. 341-384 (431 назв.) 
610 1 |a диссертации 
610 1 |a Горная Шория 
610 1 |a фосфориты 
610 1 |a генезис 
610 1 |a физико-географический очерк 
610 1 |a тектоно-стратиграфический очерк 
610 1 |a труды учёных ТПУ 
675 |a 553.6(04)  |v 3 
700 1 |a Спандерашвили  |b Г. И. 
702 1 |a Кузьмин  |b А. М.  |c российский геолог  |c профессор Томского политехнического института  |f 1891-1980  |g Алексей Михайлович  |2 stltpush  |3 (RuTPU)RU\TPU\pers\13901  |4 727 
712 0 2 |a Томский политехнический институт (ТПИ)  |c (1944-1991)  |2 stltpush  |3 (RuTPU)RU\TPU\col\1123 
712 0 2 |a Западно-Сибирское геологическое управление  |c (Новокузнецк)  |2 stltpush  |3 (RuTPU)RU\TPU\col\2065 
801 1 |a RU  |b 63413507  |c 20081007  |g PSBO 
801 2 |a RU  |b 63413507  |c 20110325  |g RCR 
942 |c BK